000 00616nam a22001457a 4500
003 OSt
005 20160324093751.0
008 160324b xxu||||| |||| 00| 0 eng d
040 _cRUA
082 _aAGR SEN 2012 B472 Or.1
100 _98176
_aSENG CHANTHY; សេង ចន្ធី
245 _aComparison of effectiveness of chemical and organic fertilizer on phkaromduol rice cultivar, ប្រៀបធៀបប្រសិទ្ធភាពជីគីមី និងជីធម្មជាតិលើពូជស្រូវផ្ការំដួល
300 _aix,49p.
_bill.
_c29cm.
942 _2ddc
_cAGR
999 _c7788
_d7788